Recent advances in condensed matter physics (Record no. 756162)

MARC details
000 -LEADER
fixed length control field 00349nam a22001337a 4500
020 ## - INTERNATIONAL STANDARD BOOK NUMBER
ISBN 9781639874750
100 ## - MAIN ENTRY--AUTHOR NAME
Personal name Finley , Jaron
245 ## - TITLE STATEMENT
Title Recent advances in condensed matter physics
260 ## - PUBLICATION, DISTRIBUTION, ETC. (IMPRINT)
Place of publication USA:
Name of publisher Murphy & Moore,
Year of publication 2022.
300 ## - PHYSICAL DESCRIPTION
Number of Pages vi,230p.
650 ## - SUBJECT ADDED ENTRY--TOPICAL TERM
Topical Term Solid state physics
942 ## - ADDED ENTRY ELEMENTS (KOHA)
Source of classification or shelving scheme Dewey Decimal Classification
Koha item type Book
Holdings
Withdrawn status Lost status Source of classification or shelving scheme Damaged status Not for loan Collection code Home Library Current Location Shelving location Date acquired Source of acquisition Cost, normal purchase price Full call number Accession Number Price effective from Koha item type
    Dewey Decimal Classification     Non-fiction Dept. of Physics Dept. of Physics General Stacks 16/02/2026 SBS-T/151 dt 16-12-2026 13653.00 530.41 FIN-R PHY9046 16/02/2026 Book